4000ers of the Alps - Statistics

General Stats
  • This quiz has been taken 167 times
  • The average score is 30 of 82
Answer Stats
Rank Altitude Country Answer % Correct
1 4 809 m FR / IT Mont Blanc
96%
3 4 634 m CH Dufourspitze
91%
12 4 478 m CH / IT Matterhorn
88%
7 4 545 m CH Dom
75%
41 4 158 m CH Jungfrau
69%
50 4 107 m CH Mönch
67%
9 4 505 m CH Weisshorn
67%
23 4 274 m CH Finsteraarhorn
61%
8 4 527 m CH / IT Lyskamm E
57%
11 4 481 m CH / IT Lyskamm W
57%
65 4 049 m CH Piz Bernina
57%
51 4 106 m CH / IT Breithornzwilinge
55%
27 4 228 m CH / IT Castor
55%
40 4 160 m CH / IT Central Breithorn
55%
44 4 139 m CH / IT Eastern Breithorn
55%
57 4 075 m CH / IT Roccia Nera (Breithorn)
55%
39 4 165 m CH / IT Western Breithorn
55%
55 4 092 m CH / IT Pollux
49%
75 4 023 m CH Weissmies
49%
16 4 357 m CH Dent Blanche
48%
31 4 208 m FR / IT Pointe Walker (Grandes Jorasses)
48%
28 4 221 m CH Zinalrothorn
48%
73 4 027 m CH Allalinhorn
46%
63 4 061 m IT Gran Paradiso
46%
37 4 184 m FR / IT Pointe Whypmer (Grandes Jorasses)
46%
20 4 314 m CH Combin de Grafeneire (Grand Combin)
45%
36 4 184 m CH Combin de Valsorey (Grand Combin)
45%
48 4 110 m FR / IT Pointe Croz (Grandes Jorasses)
45%
43 4 141 m CH Combin de la Tsessette (Grand Combin)
43%
2 4 784 m FR / IT Mont Blanc de Courmayeur
43%
68 4 045 m FR / IT Pointe Hélène (Grandes Jorasses)
43%
60 4 065 m FR / IT Pointe Marguerite (Grandes Jorasses)
43%
6 4 554 m CH / IT Punta Gnifetti / Signalkuppe
43%
53 4 102 m FR Barre des Ecrins
40%
38 4 171 m CH / IT Dent d'Hérens
40%
56 4 078 m CH Schreckhorn
40%
10 4 491 m CH Täschhorn
40%
45 4 122 m FR Aiguille Verte
39%
34 4 195 m CH Aletschhorn
37%
32 4 206 m CH Alphubel
37%
4 4 609 m CH / IT Nordend
37%
66 4 049 m CH Gross Fiescherhorn
34%
74 4 025 m CH Hinter Fiescherhorn
34%
18 4 327 m CH Nadelhorn
34%
62 4 063 m CH Obergabelhorn
34%
5 4 563 m CH / IT Zumsteinspitze
34%
42 4 153 m CH Bishorn
33%
33 4 199 m CH Rimpfischhorn
33%
70 4 042 m CH Lauteraarhorn
31%
24 4 248 m FR Mont Blanc du Tacul
31%
15 4 436 m CH / IT Parrotspitze
30%
78 4 014 m FR / IT Dent du Géant
28%
21 4 306 m FR / IT Dôme du Goûter
28%
80 4 010 m CH Lagginhorn
28%
13 4 468 m FR / IT Mont Maudit
28%
22 4 294 m CH Lenzspitze
27%
76 4 015 m FR Dôme de neige des Ecrins
25%
17 4 342 m CH / IT Ludwigshöhe
25%
26 4 241 m CH Stecknadelhorn
24%
35 4 190 m CH Strahlhorn
24%
69 4 043 m CH Gross Grunhorn
22%
19 4 322 m IT Corno Nero
21%
82 4 000 m FR Les Droites
21%
30 4 215 m IT Vincent Pyramid
21%
52 4 102 m FR Grande Rocheuse (Aiguille Verte)
18%
64 4 052 m FR / IT Aiguille de Bionnassay
16%
81 4 001 m FR Aiguille de Rochefort
16%
77 4 015 m FR Dôme de Rochefort
16%
71 4 035 m CH Dürrenhorn
16%
29 4 219 m CH Hohberghorn
10%
72 4 035 m FR Aiguille du Jardin (Aiguille Verte)
9%
61 4 064 m FR Corne du Diable (Aiguilles du Diable)
9%
46 4 114 m FR L'Isolée (Aiguilles du Diable)
9%
14 4 460 m IT Picco Luigi Amedeo
9%
58 4 074 m FR Pointe Chaubert (Aiguilles du Diable)
9%
54 4 097 m FR Pointe Médiane (Aiguilles du Diable)
9%
47 4 112 m FR Aiguille Blanche de Peuterey
7%
25 4 243 m IT Grand Pilier d'Angle
7%
59 4 069 m IT Mont Brouillard
7%
49 4 109 m FR Pointe Carmen (Aiguilles du Diable)
7%
67 4 046 m IT Punta Giordani
6%
79 4 013 m IT Punta Baretti
4%
No matching quizzes found
Score Distribution
Percent of People with Each Score
Percentile by Number Answered
Your Score History
You have not taken this quiz